Top 15 Länder mit Covid-19-Todesfällen - 21. Juli 2021 - Statistiken

Allgemein
  • Dieses Quiz wurde 15 mal gespielt
  • Das Durchschnittsergebnis liegt bei 14 aus 25
Antwortstatistiken
Land % Korrekt
Deutschland
100%
Frankreich
100%
Russland
93%
Spanien
93%
Brasilien
86%
Italien
86%
Vereinigte Staaten
86%
Vereinigtes Königreich
79%
Indien
64%
Mexiko
64%
Tschechien
64%
Argentinien
57%
Iran
57%
Belgien
43%
Kolumbien
43%
Slowenien
43%
Peru
36%
Slowakei
36%
Ungarn
36%
Bosnien und Herzegowina
29%
Bulgarien
29%
Kroatien
21%
Nordmazedonien
21%
Paraguay
21%
Indonesien
14%
Keine übereinstimmenden Quizze gefunden
Verteilung der Resultate
Anzahl Personen mit jedem Resultat
Perzentil nach korrekt beantworteten Fragen
Ihre Resultats-Entwicklung
Sie haben dieses Quiz noch nicht gespielt